Probability And Statistics For Business And Economics, (Record no. 5214)

MARC details
005 - DATE AND TIME OF LATEST TRANSACTION
control field 20250626072801.0
020 ## - INTERNATIONAL STANDARD BOOK NUMBER
International Standard Book Number 978-0-47095-748-6
082 ## - DEWEY DECIMAL CLASSIFICATION NUMBER
Classification number 519.5 BLA.
100 ## - MAIN ENTRY--PERSONAL NAME
Author name BLACK, K.
245 ## - TITLE STATEMENT
Title Probability And Statistics For Business And Economics,
250 ## - EDITION STATEMENT
Edition statement 6th Ed
260 ## - PUBLICATION, DISTRIBUTION, ETC.
Place of publication, distribution, etc. New York,
Name of publisher, distributor, etc. Wiley Plus,
Date of publication, distribution, etc. 2000.
300 ## - PHYSICAL DESCRIPTION
Extent 537p.; Ill.; picture, table,
Other physical details Index,
Dimensions 27cm.
942 ## - ADDED ENTRY ELEMENTS (KOHA)
Source of classification or shelving scheme Dewey Decimal Classification
Koha item type Books
Holdings
Date last seen Total checkouts Full call number Barcode Cost, replacement price Price effective from Koha item type Lost status Source of classification or shelving scheme Damaged status Not for loan Withdrawn status Home library Current library Shelving location Date acquired Cost, normal purchase price
06/26/2025   519.5BLA DOM0001040 300000.00 06/26/2025 Books   Dewey Decimal Classification       CBE Dodoma CBE Dodoma General Collection 07/04/2017 100000.00